Personnages de Shangri-La Frontier par images - Statistiques

Statistiques générales
  • Ce quiz a été pris 30 fois
  • Le résultat moyen est 8 sur 20
Statistiques - réponses
Par images Réponse % Correct
Sunraku
89%
Emul
74%
Lycaon
74%
Arthur Pencilgon
67%
Rei Saiga
63%
Psyger-0
59%
Wezaemon
56%
Rakuro Hizutome
48%
Oikatzo
41%
Towa Amane
41%
Kei Uomi
30%
Akane Akitsu
26%
Rust
26%
Sylvia Goldberg
26%
Aramis
15%
Mold
11%
Vysache
11%
Peatz
4%
Professor
4%
Stude
4%
Aucun quiz correspondant
Distribution des résultats
% des personnes avec chaque résultat
Percentile par nombre de réponses
Votre historique - résultats
Vous n’avez pas pris ce quiz